Curious George flies a kite / (Record no. 113302)
[ view plain ]
| 000 -LEADER | |
|---|---|
| fixed length control field | 00397nam a2200157 a 4500 |
| 001 - CONTROL NUMBER | |
| control field | 2592 |
| 005 - DATE AND TIME OF LATEST TRANSACTION | |
| control field | 20140414132012.0 |
| 008 - FIXED-LENGTH DATA ELEMENTS--GENERAL INFORMATION | |
| fixed length control field | 040131s19uu xx 00 eng d |
| 020 ## - INTERNATIONAL STANDARD BOOK NUMBER | |
| International Standard Book Number | 0-395-16965-8 |
| 050 ## - LIBRARY OF CONGRESS CALL NUMBER | |
| Classification number | TR |
| Item number | C94 1958 |
| 100 ## - MAIN ENTRY--PERSONAL NAME | |
| Personal name | Rey, Margret |
| 245 ## - TITLE STATEMENT | |
| Title | Curious George flies a kite / |
| Statement of responsibility, etc | Margret Rey. |
| 260 ## - PUBLICATION, DISTRIBUTION, ETC. (IMPRINT) | |
| Place of publication, distribution, etc | U.S.A : |
| Name of publisher, distributor, etc | New Field, |
| Date of publication, distribution, etc | 1958. |
| 300 ## - PHYSICAL DESCRIPTION | |
| Extent | 80 p. ; cm. |
| Withdrawn status | Lost status | Damaged status | Home library | Current library | Shelving location | Date acquired | Source of acquisition | Total Checkouts | Full call number | Barcode | Date last seen | Price effective from | Koha item type |
|---|---|---|---|---|---|---|---|---|---|---|---|---|---|
| Munich Library | Munich Library | Teachers Reference Section | 01/31/2004 | TR C94 1958 | M4848 | 04/14/2014 | 04/14/2014 | Books |